Economía (Registro nro. 5628)

Detalles MARC
000 -LEADER
fixed length control field 01444 a2200217 4500
001 - CONTROL NUMBER
control field 54548
005 - DATE AND TIME OF LATEST TRANSACTION
control field 20260407155819.0
008 - FIXED-LENGTH DATA ELEMENTS--GENERAL INFORMATION
fixed length control field 260407a1965 arg spa d
003 - CONTROL NUMBER IDENTIFIER
control field AR-UNSa-BCEJYS
040 ## - CATALOGING SOURCE
Original cataloging agency AR-UNSa-BCEJYS
Language of cataloging spa
Transcribing agency AR-UNSa-BCEJYS
080 ## - UNIVERSAL DECIMAL CLASSIFICATION NUMBER
Universal Decimal Classification number 330.1
Common auxiliary subdivision Ciencia económica. Conceptos fundamentales de teoría económica. Valor. Capital. Fondos
041 ## - LANGUAGE CODE
Language code of text/sound track or separate title spa
100 1# - MAIN ENTRY--PERSONAL NAME
Personal name Fanfani, Amintore
245 10 - TITLE STATEMENT
Title Economía
250 ## - EDITION STATEMENT
Edition statement 2a. ed.
264 #1 - PRODUCTION, PUBLICATION, DISTRIBUTION, MANUFACTURE, AND COPYRIGHT NOTICE
Place of production, publication, distribution, manufacture Madrid :
Name of producer, publisher, distributor, manufacturer Ediciones Rialp
Date of production, publication, distribution, manufacture, or copyright notice 1965
300 ## - PHYSICAL DESCRIPTION
Extent 196 p.
Dimensions 18 cm.
505 ## - FORMATTED CONTENTS NOTE
Formatted contents note 1. El hombre frente al problema económico – 2. Soluciones voluntaristas del problema económico – 3. Soluciones naturalistas del problema económico – 4. Soluciones neovoluntarias del problema económico – 5. Significado de las distintas soluciones teóricas – 6. Fuerzas y resistencias frente al problema económico – 7. Aspiraciones contemporáneas para resolver el problema económico – 8. Enseñanza social de la iglesia y problema económico – 9. Economistas y políticos frente al problema económico. 1. Procesos económicos: generalidades – 2. Dinero, precios e interés – 3. Nomenclatura del macroanálisis – 4. Nomeclanclatura del microanálisis – 5. Terminología esotérica – 6. Procesos económicos atípicos – 7. La economía como ciencia: primeros pasos – 8. Keynesianismo monetarismo.
590 ## - LOCAL NOTE (RLIN)
Local note niveau_biblio:m niveau_hierar:0
942 ## - ADDED ENTRY ELEMENTS (KOHA)
Koha item type
Existencias
Withdrawn status Lost status Damaged status Not for loan Home library Current library Shelving location Date acquired Total checkouts Full call number Barcode Date last seen Price effective from Koha item type
        Biblioteca Prof. Eusebio Cleto del Rey Biblioteca Prof. Eusebio Cleto del Rey   07/04/2026   330.1 F199 2ed. L23950 07/04/2026 07/04/2026 Libro